| 000 | 00661nam a22001337a 4500 | ||
|---|---|---|---|
| 040 | _cRUA | ||
| 082 | _aAGR SEN 2009 B040 Or.1 | ||
| 100 | _aSENG, SOPHORN. | ||
| 245 | _aCitrus grafting method in the greenhouse at royal university of agriculture វិធីសាស្រ្ដបំបៅដំណាំក្រូចក្នុងលក្ខខណ្ឌផ្ទះសំណាញ់នៅសាកលវិទ្យាល័យភូមិន្ទកសិកម្ម | ||
| 260 |
_aPhnom Penh _bRUA _c2009 |
||
| 300 |
_axii; 62p. _bill. _c29cm. |
||
| 856 | _uhttps://drive.google.com/file/d/1PZyeoHYMkl0JU5HjifoXiEr0xlI8aFiR/view?usp=sharing | ||
| 942 | _cAGR | ||
| 999 |
_c943 _d943 |
||